000 00665nam a2200241Ia 4500
001 51938
005 20240114005244.0
007 ta
008 100223s1997 g b000 u 903 u
040 _aCotton College,Assam
041 _a903
082 _a910
_bDi 593 Ge
100 _aDikshit, R.D. .
245 0 _aGeographical Thought: A Contextual History of Ideas /
_cR.D.Dikshit.
_hTextual Documents
250 _aist ed /
260 _aNew Delhi :
_bPHI Learning private limited ,
_c1997.
300 _a300pg ;
_c14cm.
653 _aGeographical Thought
653 _aG- Geography
942 _2ddc
_cBK
999 _c51902
_d51902